[Event "Championnat de France - Accession"]
[Site "Belfort - SNPHHUATVS"]
[Date "2010.??.??"]
[Round "2.9"]
[White "Migot, Tangi"]
[Black "Manoeuvre, Antoine"]
[Result "1/2-1/2"]
[WhiteElo "2229"]
[BlackElo "2271"]
[PlyCount "48"]

1. e4 e6 2. d4 d5 3. Nc3 Nf6 4. e5 Nfd7 5. f4 c5 6. Nf3 Nc6 7. Be3 Rb8 8. Qd2
Qa5 9. Be2 b5 10. O-O b4 11. Nd1 Ba6 12. Nf2 Bxe2 13. Qxe2 cxd4 14. Nxd4 Nxd4
15. Bxd4 Bc5 16. Rfd1 Qb6 17. Qe3 O-O 18. Bxc5 Qxc5 19. Qxc5 Nxc5 20. g3 Rfc8
21. Rd2 Rb6 22. Nd3 Nxd3 23. cxd3 Rbc6 24. Kf2 a5 1/2-1/2

[Event "Championnat de France - Accession"]
[Site "Belfort - SNPHHUATVS"]
[Date "2010.??.??"]
[Round "2.10"]
[White "Di Nicolantonio, Lucas"]
[Black "Sochacki, Wojtek"]
[Result "1/2-1/2"]
[WhiteElo "2204"]
[BlackElo "2268"]
[PlyCount "86"]

1. e4 c5 2. c3 Nf6 3. e5 Nd5 4. d4 cxd4 5. Nf3 Nc6 6. cxd4 d6 7. Bc4 Nb6 8. Bb5
d5 9. Nc3 Bg4 10. Be3 e6 11. O-O Be7 12. Be2 O-O 13. Nd2 Bxe2 14. Qxe2 f6 15.
exf6 Bxf6 16. Nf3 Nc4 17. Rad1 Qd7 18. Bg5 Rae8 19. Bxf6 gxf6 20. b3 Nd6 21.
Rfe1 Nf5 22. Qd3 Rf7 23. Re2 Rg7 24. Rde1 Rg4 25. h3 Rf4 26. g3 Rxf3 27. Qxf3
Ncxd4 28. Qg4+ Kh8 29. Rd2 Rg8 30. Qf4 e5 31. Rxe5 fxe5 32. Qxe5+ Qg7 33. Qxg7+
Rxg7 34. Kf1 Rc7 35. Nxd5 Rc2 36. Rxc2 Nxc2 37. Ke2 Na3 38. Kd3 Kg8 39. Ke4
Nd6+ 40. Ke5 Nc8 41. Ke6 Nb5 42. f4 Kf8 43. g4 Nb6 1/2-1/2

[Event "Championnat de France - Accession"]
[Site "Belfort - SNPHHUATVS"]
[Date "2010.??.??"]
[Round "2.11"]
[White "Bonn, Thomas"]
[Black "Bodenez, Vincent"]
[Result "1-0"]
[WhiteElo "2250"]
[BlackElo "2177"]
[PlyCount "53"]

1. e4 e6 2. d4 d5 3. Nc3 Nf6 4. Bg5 Bb4 5. e5 h6 6. exf6 hxg5 7. fxg7 Rg8 8. h4
gxh4 9. Nf3 Qf6 10. Rxh4 Qxg7 11. Qd3 Nd7 12. O-O-O Rh8 13. Rxh8+ Qxh8 14. Kb1
a6 15. Qe3 c6 16. g4 Bd6 17. g5 Nf8 18. Ne5 Bxe5 19. dxe5 c5 20. Na4 Nd7 21. f4
b6 22. Bg2 Bb7 23. Rh1 Qf8 24. Nxb6 d4 25. Qe2 Nxb6 26. Bxb7 Rb8 27. Qxa6 1-0

[Event "Championnat de France - Accession"]
[Site "Belfort - SNPHHUATVS"]
[Date "2010.??.??"]
[Round "2.13"]
[White "Friess, Nicolas"]
[Black "Samoun, Florent"]
[Result "1-0"]
[WhiteElo "2246"]
[BlackElo "2160"]
[PlyCount "63"]

1. d4 e6 2. c4 d5 3. Nc3 Nf6 4. cxd5 exd5 5. Bg5 Be7 6. e3 O-O 7. Bd3 Nbd7 8.
Nf3 b6 9. O-O Bb7 10. Rc1 Ne4 11. Bxe7 Qxe7 12. Qa4 f5 13. Ba6 Bxa6 14. Qxa6
Ndf6 15. Qb7 Ng4 16. Nxd5 Qd6 17. Rxc7 Qh6 18. Ne7+ Kh8 19. Nxf5 Qe6 20. Re7
Qxf5 21. Qxe4 Qh5 22. Rc1 Rac8 23. Rcc7 Rxc7 24. Rxc7 Nf6 25. Qe7 Rg8 26. h3 h6
27. Qf7 Qf5 28. Ne5 Qb1+ 29. Kh2 Ne8 30. Re7 Nd6 31. Qe6 Rf8 32. Ng6+ 1-0

[Event "Championnat de France - Accession"]
[Site "Belfort - SNPHHUATVS"]
[Date "2010.??.??"]
[Round "2.14"]
[White "Bouget, Alexandre"]
[Black "Philippe, Christophe"]
[Result "1-0"]
[WhiteElo "2140"]
[BlackElo "2431"]
[PlyCount "66"]

1. d4 Nf6 2. c4 e6 3. Nc3 Bb4 4. e3 b6 5. Bd3 Bb7 6. Nf3 Ne4 7. Bd2 Bxc3 8.
Bxc3 O-O 9. Bxe4 Bxe4 10. d5 exd5 11. cxd5 f6 12. Qd4 Re8 13. Nd2 Bg6 14. h4 c5
15. Qf4 b5 16. h5 Bd3 17. a3 b4 18. axb4 cxb4 19. Qxb4 Qc7 20. Qd4 Bf5 21. g4
Bc2 22. Rc1 d6 23. Rxc2 Nd7 24. f4 Nc5 25. Bb4 Qd7 26. Bxc5 dxc5 27. Rxc5 Qxg4
28. h6 Qg3+ 29. Kd1 Rac8 30. d6 Qg4+ 31. Ke1 Rxc5 32. Qxc5 Qg3+ 33. Kf1 Qg4 1-0

[Event "Championnat de France - Accession"]
[Site "Belfort - SNPHHUATVS"]
[Date "2010.??.??"]
[Round "2.15"]
[White "Shirazi, Kamran"]
[Black "Fantinel, Thibault"]
[Result "1/2-1/2"]
[WhiteElo "2428"]
[BlackElo "2209"]
[PlyCount "96"]

1. e4 c5 2. b4 cxb4 3. a3 d5 4. exd5 Qxd5 5. Nf3 e5 6. c4 Qe6 7. d4 exd4+ 8.
Be2 Qb6 9. Nxd4 Bc5 10. Be3 Nf6 11. O-O Nc6 12. Nxc6 bxc6 13. Bxc5 Qxc5 14.
axb4 Qxb4 15. Bf3 O-O 16. Bxc6 Rb8 17. Na3 Be6 18. Bb5 Rfd8 19. Qc1 Qc5 20. Re1
Rd3 21. Re3 Rbd8 22. Rxd3 Rxd3 23. h3 h6 24. Nc2 Bxc4 25. Ne3 Qxb5 26. Qxc4
Qxc4 27. Nxc4 Rd7 28. Kh2 Nd5 29. Ra6 f6 30. Na3 Nb4 31. Ra4 Nd3 32. f4 h5 33.
Nb5 a6 34. Nc3 Rc7 35. Nd5 Rc2 36. Rxa6 Ne1 37. Ne3 Re2 38. Ra3 Nf3+ 39. Kg3
Nd4 40. h4 Rxe3+ 41. Rxe3 Nf5+ 42. Kf2 Nxe3 43. Kxe3 Kf7 44. Kd4 Ke6 45. Ke4
f5+ 46. Kd4 Kd6 47. Kc4 Kc6 48. Kd4 Kd6 1/2-1/2

[Event "Championnat de France - Accession"]
[Site "Belfort - SNPHHUATVS"]
[Date "2010.??.??"]
[Round "2.16"]
[White "Ludwig, Remi"]
[Black "Song, Julien"]
[Result "1/2-1/2"]
[WhiteElo "2230"]
[BlackElo "2347"]
[PlyCount "38"]

1. d4 Nf6 2. c4 g6 3. Nc3 d5 4. cxd5 Nxd5 5. e4 Nxc3 6. bxc3 Bg7 7. Bc4 b6 8.
Nf3 O-O 9. O-O Bb7 10. Qe2 Nc6 11. Rd1 Na5 12. Bd3 c5 13. Bf4 cxd4 14. cxd4 Rc8
15. Rac1 Qd7 16. Bb5 Qg4 17. Qe3 Rxc1 18. Rxc1 Rc8 19. d5 Bb2 1/2-1/2

[Event "Championnat de France - Accession"]
[Site "Belfort - SNPHHUATVS"]
[Date "2010.??.??"]
[Round "2.17"]
[White "Loiseau, Quentin"]
[Black "Riff, Vincent"]
[Result "1/2-1/2"]
[WhiteElo "2214"]
[BlackElo "2334"]
[PlyCount "101"]

1. Nf3 c5 2. c4 Nc6 3. d4 cxd4 4. Nxd4 e5 5. Nc2 Nf6 6. Nc3 Bc5 7. Be3 Qb6 8.
Qd2 O-O 9. g3 Nd4 10. Rc1 d6 11. Bg2 Qxb2 12. Nxd4 Qxd2+ 13. Bxd2 Bxd4 14. Nb5
Bc5 15. Bg5 Rb8 16. O-O Bg4 17. Rfd1 Bxe2 18. Rd2 Bg4 19. Nxd6 Bb4 20. Rd3 Rbd8
21. c5 b6 22. h3 Be6 23. cxb6 axb6 24. Rcd1 Bxa2 25. g4 Be6 26. Bc6 Bxd6 27.
Rxd6 Rxd6 28. Rxd6 Rb8 29. Be3 h6 30. f4 exf4 31. Bxf4 Rc8 32. Be3 h5 33. g5
Ne8 34. Bxe8 Rxe8 35. Bxb6 Bxh3 36. Rd8 Rxd8 37. Bxd8 Bf5 38. Kg2 h4 39. Bb6
Kh7 40. Bf2 Kg6 41. Bxh4 Kh5 42. Be1 Kxg5 43. Kg3 Bd7 44. Bc3 f6 45. Bd2+ Kf5
46. Bc3 g6 47. Bb2 Bc6 48. Bc3 g5 49. Bb2 Kg6 50. Bc3 f5 51. Bd2 1/2-1/2

[Event "Championnat de France - Accession"]
[Site "Belfort - SNPHHUATVS"]
[Date "2010.??.??"]
[Round "2.18"]
[White "Crut, Aurelien"]
[Black "Cappon, John"]
[Result "1/2-1/2"]
[WhiteElo "2314"]
[BlackElo "2229"]
[PlyCount "54"]

1. e4 e6 2. d4 d5 3. e5 c5 4. c3 Nc6 5. Nf3 Qb6 6. a3 Nh6 7. b4 cxd4 8. cxd4
Nf5 9. Bb2 Bd7 10. g4 Nfe7 11. Nc3 Na5 12. Qc2 Nc4 13. Bxc4 dxc4 14. Nd2 Qc6
15. Nce4 Nc8 16. Qxc4 Nb6 17. Qxc6 Bxc6 18. f3 h5 19. g5 Na4 20. Rb1 Nxb2 21.
Rxb2 Be7 22. Ke2 O-O 23. h4 a5 24. Rc1 Rfd8 25. Ke3 axb4 26. axb4 Ra4 27. Rcb1
Ra3+ 1/2-1/2

[Event "Championnat de France - Accession"]
[Site "Belfort - SNPHHUATVS"]
[Date "2010.??.??"]
[Round "2.19"]
[White "Loiret, Stanislas"]
[Black "Joie, Sebastien"]
[Result "0-1"]
[WhiteElo "2270"]
[BlackElo "2142"]
[PlyCount "70"]

1. Nf3 Nf6 2. c4 g6 3. Nc3 Bg7 4. e4 d6 5. d4 O-O 6. Be2 Na6 7. O-O e5 8. Re1
c6 9. Bf1 Bg4 10. d5 Nb4 11. Be2 a5 12. Bg5 h6 13. Be3 Bd7 14. Rb1 Ng4 15. Bc1
f5 16. a3 fxe4 17. Nxe4 Bf5 18. Bf1 cxd5 19. cxd5 Qb6 20. Be3 Nxe3 21. Rxe3 Na6
22. b4 axb4 23. axb4 Rac8 24. Qb3 h5 25. Bd3 Bh6 26. Re2 Bg4 27. Bxa6 Bxf3 28.
Bd3 Bxe2 29. Bxe2 Rf4 30. Qg3 Kh7 31. Bd3 h4 32. Qh3 Rcf8 33. Qe6 Rxe4 34. Qe7+
Kh8 35. Rf1 Re1 0-1

[Event "Championnat de France - Accession"]
[Site "Belfort - SNPHHUATVS"]
[Date "2010.??.??"]
[Round "2.20"]
[White "Buscara, Sevan"]
[Black "Poignot, Quentin"]
[Result "1/2-1/2"]
[WhiteElo "2259"]
[BlackElo "2094"]
[PlyCount "41"]

1. d4 c5 2. c3 cxd4 3. cxd4 d5 4. Nc3 Nf6 5. Nf3 Nc6 6. Bf4 Bf5 7. e3 e6 8. Bb5
Nd7 9. O-O Rc8 10. Ne5 Ndxe5 11. dxe5 Be7 12. Ne2 O-O 13. Rc1 Qb6 14. Qa4 Bg6
15. Rfd1 a6 16. Bxc6 bxc6 17. b3 c5 18. Bg3 Qb5 19. Qg4 Bf5 20. Qf3 Be4 21. Qg4
1/2-1/2

[Event "Championnat de France - Accession"]
[Site "Belfort - SNPHHUATVS"]
[Date "2010.??.??"]
[Round "3.1"]
[White "Saucey, Michel"]
[Black "Lamard, Guillaume"]
[Result "1/2-1/2"]
[WhiteElo "2306"]
[BlackElo "2143"]
[PlyCount "61"]

1. d4 Nf6 2. g3 e6 3. Bg2 d5 4. Nf3 Be7 5. O-O O-O 6. Nbd2 c5 7. c4 cxd4 8.
cxd5 Qxd5 9. Nb3 e5 10. Nfxd4 Qc4 11. Nf3 Nc6 12. Nbd2 Qa6 13. Re1 h6 14. e4
Be6 15. Bf1 Qb6 16. Nc4 Bxc4 17. Bxc4 Bc5 18. Be3 Bxe3 19. Rxe3 Rad8 20. Qb3
Qxb3 21. Bxb3 a6 22. Rc1 Rd6 23. Rc5 b6 24. Rc1 Re8 25. h3 Nd4 26. Kg2 Nxb3 27.
axb3 a5 28. Rc7 Nd7 29. Rc4 Nc5 30. b4 axb4 31. Rxb4 1/2-1/2

[Event "Championnat de France - Accession"]
[Site "Belfort - SNPHHUATVS"]
[Date "2010.??.??"]
[Round "3.2"]
[White "Valles, Manuel"]
[Black "Favarel, Julien"]
[Result "1/2-1/2"]
[WhiteElo "2242"]
[BlackElo "2279"]
[PlyCount "21"]

1. Nf3 Nf6 2. g3 g6 3. Bg2 Bg7 4. c4 O-O 5. O-O d6 6. Nc3 e5 7. d3 h6 8. Rb1 a5
9. a3 Re8 10. Nd2 c6 11. b4 1/2-1/2

[Event "Championnat de France - Accession"]
[Site "Belfort - SNPHHUATVS"]
[Date "2010.??.??"]
[Round "3.3"]
[White "Netzer, Jacques"]
[Black "Bonn, Thomas"]
[Result "1-0"]
[WhiteElo "2208"]
[BlackElo "2250"]
[PlyCount "93"]

1. e4 c5 2. Nf3 g6 3. c4 Bg7 4. d4 cxd4 5. Nxd4 Nc6 6. Nc2 d6 7. Be2 f5 8. exf5
Bxf5 9. O-O Nf6 10. Nc3 O-O 11. Be3 Ne5 12. Nd4 Bd7 13. h3 Kh8 14. f4 Nc6 15.
Qd2 Nxd4 16. Bxd4 Bc6 17. Rad1 Qa5 18. Bf3 e5 19. fxe5 dxe5 20. Qg5 Rae8 21.
Bxc6 bxc6 22. Rfe1 h6 23. Rxe5 Qxc3 24. Rxe8 Qxd4+ 25. Rxd4 hxg5 26. Rxf8+ Bxf8
27. Rd8 Kg7 28. Rc8 Ne4 29. Rxc6 Bc5+ 30. Kf1 Bd4 31. b3 Nc3 32. a4 Na2 33.
Rc7+ Kf6 34. Rb7 a5 35. Rb5 Bc3 36. c5 Ke6 37. c6 Kd6 38. Rxg5 Kxc6 39. Rxg6+
Kd5 40. Rg4 Nc1 41. h4 Nxb3 42. h5 Nd4 43. h6 Nf5 44. Rg5 Ke6 45. h7 Nd6 46.
Rxa5 Kf7 47. Ra8 1-0

[Event "Championnat de France - Accession"]
[Site "Belfort - SNPHHUATVS"]
[Date "2010.??.??"]
[Round "3.4"]
[White "Bouget, Alexandre"]
[Black "Friess, Nicolas"]
[Result "0-1"]
[WhiteElo "2140"]
[BlackElo "2246"]
[PlyCount "116"]

1. d4 d5 2. c4 c6 3. Nc3 Nf6 4. Nf3 a6 5. e3 b5 6. b3 Bg4 7. Be2 e6 8. O-O Bd6
9. Bb2 O-O 10. h3 Bh5 11. Ne5 Bxe2 12. Nxe2 dxc4 13. bxc4 Bxe5 14. dxe5 Qxd1
15. Rfxd1 Nfd7 16. c5 a5 17. Rac1 Ra7 18. Rd6 Rc8 19. Rcd1 Kf8 20. Ng3 Rcc7 21.
Ne4 Na6 22. f4 Rab7 23. Bd4 b4 24. g4 Ke7 25. f5 a4 26. Rf1 b3 27. axb3 axb3
28. Ra1 Nab8 29. Rb1 Na6 30. Ra1 Nab8 31. Ng5 Nf8 32. Rf1 h6 33. Ne4 Nfd7 34.
Rb1 Rb4 35. f6+ Kf8 36. fxg7+ Kxg7 37. Kf2 Rcb7 38. g5 h5 39. Ke2 Kg6 40. Kd3
R7b5 41. Rb2 Rb7 42. Rb1 Ra4 43. h4 Ra2 44. Nd2 Na6 45. Rxd7 Rxd7 46. Nxb3 Ra3
47. Kc4 Rb7 48. e4 Rb4+ 49. Kc3 Rb5 50. Kc4 Ra4+ 51. Kc3 Rab4 52. Rb2 Ra4 53.
Rb1 Nb4 54. Rb2 Ra3 55. Kc4 Na2 56. Bc3 Ra4+ 57. Kd3 Nxc3 58. Kxc3 Rxe4 0-1

[Event "Championnat de France - Accession"]
[Site "Belfort - SNPHHUATVS"]
[Date "2010.??.??"]
[Round "3.5"]
[White "Moussard, Jules"]
[Black "Ribreau, Herve"]
[Result "1-0"]
[WhiteElo "2372"]
[BlackElo "2238"]
[PlyCount "43"]

1. e4 d6 2. d4 Nf6 3. Nc3 e5 4. Nf3 Nbd7 5. Bc4 Be7 6. O-O O-O 7. a4 c6 8. Re1
b6 9. d5 cxd5 10. Nxd5 Bb7 11. b3 Rc8 12. Re2 Nc5 13. Nxf6+ Bxf6 14. Bd5 Qd7
15. Ba3 Bxd5 16. Qxd5 Rfd8 17. Rd1 Ne6 18. Red2 Nf4 19. Qxd6 Qe8 20. Qb4 Rxc2
21. Rxd8 Bxd8 22. Qb5 1-0

[Event "Championnat de France - Accession"]
[Site "Belfort - SNPHHUATVS"]
[Date "2010.??.??"]
[Round "3.6"]
[White "Platel, Alexandre"]
[Black "Sochacki, Christophe"]
[Result "0-1"]
[WhiteElo "2237"]
[BlackElo "2365"]
[PlyCount "96"]

1. e4 e6 2. d4 d5 3. Nc3 Nf6 4. e5 Nfd7 5. f4 c5 6. Nf3 Nc6 7. Be3 Qb6 8. Na4
Qa5+ 9. c3 cxd4 10. b4 Nxb4 11. cxb4 Bxb4+ 12. Bd2 Bxd2+ 13. Nxd2 O-O 14. Be2
d3 15. Bxd3 Qb4 16. Rf1 b5 17. Qc2 Qxa4 18. Bxh7+ Kh8 19. Qd3 g6 20. Bxg6 Kg7
21. Bh5 Rh8 22. Bd1 Qb4 23. Rb1 Qe7 24. Nf3 Nc5 25. Qd4 b4 26. Be2 Ne4 27. Qxb4
Qc7 28. Nd2 Bd7 29. Qa3 Qc2 30. Rd1 Qc5 31. Qxc5 Nxc5 32. Rh1 Rab8 33. Rb1
Rxb1+ 34. Nxb1 Rb8 35. Nc3 Rb2 36. a4 d4 37. Nd1 Ra2 38. h4 Bxa4 39. Rh3 Ne4
40. Bd3 Nc3 41. Nf2 Ra1+ 42. Kd2 Nd5 43. h5 Ra2+ 44. Ke1 Nxf4 45. h6+ Kh8 46.
Rg3 Bc6 47. Nh3 Rxg2 48. Rxg2 Nxd3+ 0-1

[Event "Championnat de France - Accession"]
[Site "Belfort - SNPHHUATVS"]
[Date "2010.??.??"]
[Round "3.7"]
[White "Etrog, Jonathan"]
[Black "Monsieux, Cyril"]
[Result "1/2-1/2"]
[WhiteElo "2164"]
[BlackElo "2300"]
[PlyCount "71"]

1. c4 c5 2. g3 Nf6 3. Bg2 d5 4. cxd5 Nxd5 5. Nc3 Nc7 6. Nf3 Nc6 7. O-O e5 8.
Ne1 Bd7 9. b3 Be7 10. Nd3 f6 11. f4 exf4 12. Nxf4 O-O 13. Bb2 Rb8 14. e3 b6 15.
Ncd5 Bd6 16. Nxc7 Bxc7 17. Qh5 Qe8 18. Bd5+ Kh8 19. Qh4 Nb4 20. Bc4 Be5 21.
Bxe5 fxe5 22. Nh3 Bxh3 23. Qxh3 e4 24. Rxf8+ Qxf8 25. Rf1 Qd6 26. Qf5 h6 27.
Rf2 b5 28. Bf1 Nd3 29. Bxd3 exd3 30. Qe4 Rd8 31. Rf5 a5 32. Re5 c4 33. Re8+
Rxe8 34. Qxe8+ Kh7 35. bxc4 Qa3 36. Qe4+ 1/2-1/2

[Event "Championnat de France - Accession"]
[Site "Belfort - SNPHHUATVS"]
[Date "2010.??.??"]
[Round "3.8"]
[White "Ollier, Pablo"]
[Black "Migot, Tangi"]
[Result "1-0"]
[WhiteElo "2293"]
[BlackElo "2229"]
[PlyCount "63"]

1. d4 Nf6 2. c4 g6 3. Nc3 Bg7 4. e4 d6 5. Nf3 O-O 6. h3 Nbd7 7. Be3 e5 8. d5
Nc5 9. Nd2 a5 10. g4 Ne8 11. Rg1 c6 12. Qe2 a4 13. a3 cxd5 14. Nxd5 Nc7 15.
Nxc7 Qxc7 16. g5 f5 17. gxf6 Rxf6 18. h4 Ne6 19. h5 Nd4 20. Bxd4 exd4 21. hxg6
Rxg6 22. Rh1 Be6 23. Qd3 Rf8 24. O-O-O Rxf2 25. Bh3 Bxh3 26. Rxh3 Bh6 27. Rxh6
Rgg2 28. Rh3 Qg7 29. Rf3 Re2 30. c5 dxc5 31. Qc4+ Kh8 32. Qxc5 1-0

[Event "Championnat de France - Accession"]
[Site "Belfort - SNPHHUATVS"]
[Date "2010.??.??"]
[Round "3.9"]
[White "Manoeuvre, Antoine"]
[Black "Stephan, Victor"]
[Result "0-1"]
[WhiteElo "2271"]
[BlackElo "2234"]
[PlyCount "112"]

1. d4 Nf6 2. c4 e6 3. Nc3 Bb4 4. Qc2 O-O 5. a3 Bxc3+ 6. Qxc3 d6 7. f3 c5 8.
dxc5 dxc5 9. Nh3 Nc6 10. Nf2 e5 11. e3 e4 12. f4 Ng4 13. h3 Nh6 14. g4 Qh4 15.
Rg1 Rd8 16. b4 Rd1+ 17. Ke2 Rd7 18. Bb2 f6 19. b5 Ne7 20. Nxe4 b6 21. Bg2 Bb7
22. Qe1 Ng6 23. f5 Nxf5 24. gxf5 Qh5+ 25. Bf3 Qxf5 26. Qb1 Qe6 27. Qc2 Re8 28.
Bg4 Qe7 29. Bxd7 Bxe4 30. Qd2 Rd8 31. Rad1 Bd3+ 32. Kxd3 Rxd7+ 33. Bd4 cxd4 34.
exd4 Ne5+ 35. Kc2 Nxc4 36. Qd3 Ne3+ 37. Kb2 Nxd1+ 38. Rxd1 Qe6 39. d5 Qe5+ 40.
Kb1 Rd6 41. Ka2 h6 42. Rd2 f5 43. Qf3 Qe4 44. Qc3 Kh7 45. Qb3 f4 46. Rd3 f3 47.
Rxf3 Qxd5 48. Rf7 Qg2+ 49. Qb2 Qg6 50. Re7 Rd3 51. h4 h5 52. Qc2 Rg3 53. Qc4
Rg4 54. Qc6 Rg2+ 55. Ka1 Rg1+ 56. Kb2 Qb1+ 0-1

[Event "Championnat de France - Accession"]
[Site "Belfort - SNPHHUATVS"]
[Date "2010.??.??"]
[Round "3.10"]
[White "Sochacki, Wojtek"]
[Black "Mania, Clement"]
[Result "1-0"]
[WhiteElo "2268"]
[BlackElo "2127"]
[PlyCount "75"]

1. e4 e5 2. Nf3 f5 3. Nxe5 Qf6 4. d4 d6 5. Nc4 fxe4 6. Nc3 Qg6 7. Ne3 c6 8. Be2
Nf6 9. O-O d5 10. f3 exf3 11. Bd3 Qh5 12. Qxf3 Qxf3 13. Rxf3 Bd6 14. Nf5 Bxf5
15. Bxf5 O-O 16. Bg5 Nbd7 17. Re1 Rae8 18. Rfe3 Rxe3 19. Rxe3 h6 20. Bh4 g5 21.
Bf2 Kf7 22. h4 gxh4 23. Bxh4 Re8 24. Rf3 Kg7 25. Nd1 c5 26. c3 cxd4 27. cxd4
Re2 28. Kf1 Rd2 29. Ne3 Kh8 30. Be6 Rxd4 31. Bxf6+ Nxf6 32. Rxf6 Re4 33. Nf5
Bf4 34. Bxd5 Re5 35. Bb3 a5 36. Nh4 Bg3 37. Rf8+ Kh7 38. Rf7+ 1-0

[Event "Championnat de France - Accession"]
[Site "Belfort - SNPHHUATVS"]
[Date "2010.??.??"]
[Round "3.11"]
[White "Brethes, Francois"]
[Black "Di Nicolantonio, Lucas"]
[Result "1/2-1/2"]
[WhiteElo "2238"]
[BlackElo "2204"]
[PlyCount "57"]

1. d4 Nf6 2. Nf3 e6 3. c4 d5 4. e3 Be7 5. Nc3 O-O 6. Bd3 dxc4 7. Bxc4 c5 8. O-O
Nc6 9. a3 a6 10. dxc5 Bxc5 11. b4 Bd6 12. Bb2 b5 13. Bd3 Bb7 14. Ne4 Nxe4 15.
Bxe4 Rc8 16. Rc1 Qe7 17. Qe2 Rfd8 18. Ba1 Nb8 19. Qb2 f6 20. Bxb7 Qxb7 21. Qb3
Qd5 22. Qxd5 exd5 23. Nd4 Nd7 24. Nc6 Re8 25. Bd4 Rc7 26. Rc3 Rec8 27. Rfc1 Kf8
28. Kf1 Nb8 29. Nxb8 1/2-1/2

[Event "Championnat de France - Accession"]
[Site "Belfort - SNPHHUATVS"]
[Date "2010.??.??"]
[Round "3.13"]
[White "Lutz, Eric"]
[Black "Shirazi, Kamran"]
[Result "0-1"]
[WhiteElo "2218"]
[BlackElo "2428"]
[PlyCount "144"]

1. e4 Nc6 2. Nf3 e5 3. Bb5 Nd4 4. Nxd4 exd4 5. d3 c6 6. Bc4 Nf6 7. O-O d5 8.
Bb3 Be7 9. e5 Ng4 10. f4 Bc5 11. Qe2 Qh4 12. h3 h5 13. Nd2 Ne3 14. Qf2 Qe7 15.
Re1 g5 16. fxg5 Qxg5 17. Nf3 Qg7 18. Kh1 Rg8 19. Bxe3 dxe3 20. Qe2 d4 21. c3
Bf5 22. Nxd4 Bxd3 23. Qf3 O-O-O 24. Rxe3 Bxd4 25. cxd4 Rxd4 26. Bxf7 Rf4 27.
Bxg8 Rxf3 28. Rxf3 Be4 29. Be6+ Kb8 30. Rf2 Qxe5 31. Bf7 h4 32. Kg1 a5 33. Re1
Qd4 34. Bh5 a4 35. Rd1 Qc5 36. Be2 Bd5 37. a3 Ka7 38. Rd2 Qe3 39. Rd3 Qc1+ 40.
Bf1 b5 41. Rc3 Qg5 42. Be2 Kb6 43. Bf3 Bc4 44. Bg4 Qe5 45. Rcf3 Qe1+ 46. Kh2
Bd5 47. Rf5 Qe3 48. Re2 Qd3 49. Rh5 Bc4 50. Rf2 Qd4 51. Rhf5 Bd5 52. Re2 Qd3
53. Ref2 Be4 54. R5f4 Qg3+ 55. Kg1 Bxg2 56. Rxg2 Qxf4 57. Rf2 Qc4 58. Re2 c5
59. Kf2 Qf4+ 60. Ke1 Qc1+ 61. Kf2 c4 62. Be6 c3 63. bxc3 Qxa3 64. Re3 Qb2+ 65.
Kf3 a3 66. Kg4 Qg2+ 67. Kh5 Qg3 68. Re4 Qf3+ 69. Rg4 Qxh3 70. Kg5 Qxc3 71. Kxh4
Ka5 72. Rg3 Qf6+ 0-1

[Event "Championnat de France - Accession"]
[Site "Belfort - SNPHHUATVS"]
[Date "2010.??.??"]
[Round "3.14"]
[White "Briet, Antoine"]
[Black "Demuth, Adrien"]
[Result "1/2-1/2"]
[WhiteElo "2212"]
[BlackElo "2394"]
[PlyCount "59"]

1. e4 c5 2. Nf3 Nc6 3. d4 cxd4 4. Nxd4 Nf6 5. Nc3 d6 6. Bg5 e6 7. Qd2 a6 8.
O-O-O Nxd4 9. Qxd4 Be7 10. f4 b5 11. Bd3 Bb7 12. Rhe1 O-O 13. Kb1 Rc8 14. Qe3
Ng4 15. Qg3 Bxg5 16. Qxg4 Be7 17. e5 Qb6 18. f5 exf5 19. Bxf5 Rc4 20. Qh3 g6
21. exd6 Bxd6 22. Be6 Rd4 23. Bd5 Rxd1+ 24. Rxd1 Be5 25. Qf3 Bxc3 26. Bxb7 Bf6
27. a3 b4 28. axb4 Kg7 29. c3 Rb8 30. Rd7 1/2-1/2

[Event "Championnat de France - Accession"]
[Site "Belfort - SNPHHUATVS"]
[Date "2010.??.??"]
[Round "3.15"]
[White "Song, Julien"]
[Black "Girard, Eric"]
[Result "1/2-1/2"]
[WhiteElo "2347"]
[BlackElo "2218"]
[PlyCount "146"]

1. d4 e6 2. c4 Bb4+ 3. Bd2 a5 4. g3 f5 5. Bg2 Nf6 6. Nh3 O-O 7. O-O Bxd2 8.
Nxd2 Nc6 9. d5 Ne5 10. Qc2 a4 11. Nf4 Nf7 12. dxe6 dxe6 13. Rad1 g5 14. Nd3 e5
15. Nb4 c6 16. Ne4 Qe7 17. Nxf6+ Qxf6 18. Qc3 Qe7 19. c5 Be6 20. f4 exf4 21.
gxf4 Rad8 22. fxg5 Qxg5 23. Nd3 Qe3+ 24. Kh1 Rfe8 25. Rg1 Kf8 26. Bf3 Bd5 27.
Rdf1 Be4 28. Bxe4 Qxe4+ 29. Rg2 Ke7 30. Rf4 Qd5 31. Rf3 Rg8 32. Qc1 Rxg2 33.
Kxg2 Rg8+ 34. Kf1 Qd4 35. Qe3+ Qxe3 36. Rxe3+ Kf6 37. Nf4 Rg4 38. Re6+ Kg5 39.
e3 Rh4 40. h3 Rh6 41. Re7 Kf6 42. Rxb7 Ng5 43. Rc7 Ke5 44. Kg2 Ne4 45. Re7+ Kf6
46. Re6+ Kg7 47. Rxh6 Kxh6 48. Ne6 Kg6 49. Nd4 Nxc5 50. Nxc6 Kg5 51. Nd4 f4 52.
exf4+ Kxf4 53. b4 axb3 54. Nxb3 Na4 55. Nd4 Nc3 56. a3 Na4 57. Ne6+ Kf5 58. Nf8
h6 59. Kg3 Kg5 60. Nd7 h5 61. Ne5 h4+ 62. Kf3 Kf5 63. Nd3 Nc3 64. Nb2 Ne4 65.
a4 Ng5+ 66. Kg2 Ke5 67. Nc4+ Kd5 68. a5 Kc6 69. a6 Kc7 70. Kh2 Kb8 71. Ne5 Ka7
72. Ng6 Kxa6 73. Nxh4 Nxh3 1/2-1/2

[Event "Championnat de France - Accession"]
[Site "Belfort - SNPHHUATVS"]
[Date "2010.??.??"]
[Round "3.16"]
[White "Riff, Vincent"]
[Black "Hell, Pascal"]
[Result "1-0"]
[WhiteElo "2334"]
[BlackElo "2209"]
[PlyCount "111"]

1. e4 e5 2. Nf3 Nc6 3. Bb5 Nge7 4. O-O g6 5. d4 exd4 6. c3 Bg7 7. cxd4 d5 8.
exd5 Nxd5 9. Ne5 O-O 10. Bxc6 bxc6 11. Re1 Qf6 12. Nd2 Bf5 13. Ndf3 Qd6 14. Qa4
Rfe8 15. Bd2 f6 16. Nc4 Qd7 17. Rxe8+ Rxe8 18. Qxa7 Bg4 19. Qa3 Bf8 20. Qb3 Be6
21. Qd1 g5 22. Ne3 Nf4 23. Bc3 Qg7 24. d5 cxd5 25. Nd4 Bd7 26. b4 c6 27. Ne2
Bd6 28. Ng3 Qg6 29. Qc2 Be5 30. Qxg6+ hxg6 31. Bxe5 Rxe5 32. a4 Nd3 33. Nc2 Bc8
34. Rb1 f5 35. Nd4 Nxb4 36. Nf3 Re8 37. Rxb4 g4 38. Nd2 c5 39. Rb1 c4 40. Ngf1
c3 41. Nb3 Re4 42. Rc1 Rxa4 43. Rxc3 Rc4 44. Rd3 Be6 45. Ne3 Rb4 46. g3 Kg7 47.
Nc5 Bf7 48. Rb3 Rxb3 49. Nxb3 Kf6 50. Kf1 Ke5 51. Nc2 Ke4 52. Ke2 Be8 53. Nc5+
Ke5 54. Ke3 g5 55. Nd3+ Kd6 56. Kd4 1-0

[Event "Championnat de France - Accession"]
[Site "Belfort - SNPHHUATVS"]
[Date "2010.??.??"]
[Round "3.17"]
[White "Le Ruyet, Leopold"]
[Black "Crut, Aurelien"]
[Result "1-0"]
[WhiteElo "2188"]
[BlackElo "2314"]
[PlyCount "97"]

1. e4 c6 2. d4 d5 3. Nd2 dxe4 4. Nxe4 Bf5 5. Ng3 Bg6 6. h4 h6 7. Nf3 Nd7 8. h5
Bh7 9. Bd3 Bxd3 10. Qxd3 e6 11. Bf4 Qa5+ 12. Bd2 Qc7 13. O-O-O O-O-O 14. c4
Ngf6 15. Bc3 Bd6 16. Ne4 Nxe4 17. Qxe4 Nf6 18. Qe2 Rhe8 19. Ne5 c5 20. dxc5
Bxc5 21. f4 Rd6 22. Rxd6 Bxd6 23. Kb1 Rd8 24. g4 Ne8 25. g5 f6 26. gxh6 gxh6
27. Ng4 Qf7 28. Qe3 Kb8 29. Ka1 Bf8 30. b3 Bg7 31. f5 exf5 32. Nxh6 Bxh6 33.
Qxh6 Rd3 34. Qf4+ Nc7 35. h6 Qh7 36. Bxf6 Kc8 37. Re1 Rd7 38. Bg7 Qg6 39. Qe5
Rf7 40. Rh1 Qh7 41. Qd6 b6 42. Rg1 Rd7 43. Qg6 Rd1+ 44. Kb2 Qxg6 45. Rxg6 Rh1
46. Rf6 Rh5 47. Rf8+ Kd7 48. Rf7+ Kd6 49. h7 1-0

[Event "Championnat de France - Accession"]
[Site "Belfort - SNPHHUATVS"]
[Date "2010.??.??"]
[Round "3.18"]
[White "Forthofer, Robert"]
[Black "Loiseau, Quentin"]
[Result "1-0"]
[WhiteElo "2303"]
[BlackElo "2214"]
[PlyCount "63"]

1. d4 Nf6 2. c4 g6 3. Nc3 Bg7 4. e4 d6 5. Nf3 O-O 6. Be2 e5 7. O-O Nc6 8. d5
Ne7 9. Bd2 Nd7 10. Rc1 f5 11. b4 Nf6 12. exf5 gxf5 13. Qb3 Ng6 14. c5 h6 15.
cxd6 cxd6 16. Rc2 Rf7 17. Rfc1 a6 18. b5 Ng4 19. h3 e4 20. Ng5 hxg5 21. hxg4
Nf4 22. Bxf4 gxf4 23. Na4 fxg4 24. bxa6 Bd4 25. Qb4 Bxf2+ 26. Kxf2 Qh4+ 27. Kg1
Bf5 28. axb7 g3 29. bxa8=Q+ Kh7 30. Qd4 Qh2+ 31. Kf1 Bh3 32. Qah8+ 1-0